| 000 | 00328nam a22001217a 4500 | ||
|---|---|---|---|
| 020 | _a0-471-63513-5 | ||
| 082 | _a629.8920321 INT'D | ||
| 100 |
_aDORF, R.C _965970 |
||
| 245 | _aINTERNATIOANL ENCYCLOPEDIA OF ROBOTICS , APPLICATIONS AND AUTOMATION VOL-2 | ||
| 260 |
_aNEWYORK _bJOHN WILEY _c1988 |
||
| 300 | _a1304P | ||
| 942 | _cBK | ||
| 999 |
_c574033 _d574033 |
||